<?xml version="1.0" encoding="UTF-8"?>
<record
    xmlns:xsi="http://www.w3.org/2001/XMLSchema-instance"
    xsi:schemaLocation="http://www.loc.gov/MARC21/slim http://www.loc.gov/standards/marcxml/schema/MARC21slim.xsd"
    xmlns="http://www.loc.gov/MARC21/slim">

  <leader>00621cam a22002171  4500</leader>
  <controlfield tag="001">sa 66006932 </controlfield>
  <controlfield tag="003">DLC</controlfield>
  <controlfield tag="005">20260227112300.0</controlfield>
  <controlfield tag="008">890619s1966    ii            000 0 maro </controlfield>
  <datafield tag="010" ind1=" " ind2=" ">
    <subfield code="a">sa 66006932 </subfield>
  </datafield>
  <datafield tag="035" ind1=" " ind2=" ">
    <subfield code="a">(OCoLC)19894636</subfield>
  </datafield>
  <datafield tag="040" ind1=" " ind2=" ">
    <subfield code="a">DLC</subfield>
    <subfield code="c">WaU</subfield>
    <subfield code="d">DLC</subfield>
  </datafield>
  <datafield tag="042" ind1=" " ind2=" ">
    <subfield code="a">premarc</subfield>
  </datafield>
  <datafield tag="050" ind1="0" ind2="0">
    <subfield code="a">BL1146.E4</subfield>
    <subfield code="b">E48</subfield>
  </datafield>
  <datafield tag="100" ind1="1" ind2=" ">
    <subfield code="a">Tulpule, Ganesh Vishnu,</subfield>
    <subfield code="d">1890-</subfield>
  </datafield>
  <datafield tag="245" ind1="1" ind2="0">
    <subfield code="a">Ekan&#x101;th&#x12B; Bh&#x101;gavat&#x101;nt&#x12B;la p&#x101;ram&#x101;rthika &#x15B;ikava&#x1E47;a.</subfield>
  </datafield>
  <datafield tag="260" ind1=" " ind2=" ">
    <subfield code="c">[1966]</subfield>
  </datafield>
  <datafield tag="300" ind1=" " ind2=" ">
    <subfield code="a">11, 257 p.</subfield>
    <subfield code="c">18 cm.</subfield>
  </datafield>
  <datafield tag="500" ind1=" " ind2=" ">
    <subfield code="a">In Marathi.</subfield>
  </datafield>
  <datafield tag="600" ind1="0" ind2="0">
    <subfield code="a">Ekan&#x101;tha,</subfield>
    <subfield code="d">approximately 1548-approximately 1609.</subfield>
    <subfield code="t">Ekan&#x101;th&#x12B; Bh&#x101;gavata.</subfield>
  </datafield>
  <datafield tag="999" ind1=" " ind2=" ">
    <subfield code="c">70809</subfield>
    <subfield code="d">70809</subfield>
  </datafield>
</record>
